| 000 | 00561nam a22001817a 4500 | ||
|---|---|---|---|
| 005 | 20250413062519.0 | ||
| 008 | 160716b xxu||||| |||| 00| 0 eng d | ||
| 020 | _a0072421975 | ||
| 082 |
_22006 _aDC 570 _bM26i |
||
| 100 |
_911492 _aMader, Sylvia S. |
||
| 245 |
_aInquiry into life/ _cSylvia S. Mader. |
||
| 250 | _a11th edition | ||
| 260 |
_aBoston: _bMcGraw-Hill, _cc2006. |
||
| 300 |
_axvi, 758 pages: _bcolor illustartions; _c28 cm. |
||
| 500 | _aIncludes appendices, glossary and index. | ||
| 650 | 0 |
_aSpecies identification. _911493 |
|
| 942 |
_2ddc _cDC |
||
| 999 |
_c3442 _d3442 |
||